00922nam a22002537a 45000010005000000030006000050050017000110080041000280200015000690400029000840500016001130820011001291000021001402450091001612500044002522600037002963000049003335050008003825200159003905210029005495210020005786500037005987000033006355540FISKH20241217111437.0241217b cb ||||| |||| 00| 0 eng d a0590623966 aFISKHbengcFISKHdFISKH aPS3515.U274 a811.52 aHughes, Langston aThe dream keeper and other poems /cby Langston Hughes : illustrated by Brian Pinkney aFirst Scholastic printing, January 1996 aNew York : bScholastic ;c1994. a83 pages : bcolor illustrations ;c24 cm .  aS  aA collection of sixty-six poems, selected by the author for young readers, including lyrical poems, songs, and blues, many exploring the black experience.8 a790 bLexile estimate 8 aS bRaz-Plus  aAfrican American poetryvFiction aPinkney, Brianeillustrator